000 00644nam a22001577a 4500
003 OSt
005 20150906144051.0
008 150906b xxu||||| |||| 00| 0 eng d
040 _cRUA
082 _aAGR ចាន់ 1990 B001 Or.1
100 _9109
_aចាន់ ស៊ីណាត
245 _aបណ្ដាលសត្វល្អិតបំផ្លាញសំខាន់ៗនិងជំងឺផ្សេងៗលើដំណាំពោត ការបំផ្លាញរបស់​និងវិធានការណ៍កំចាត់
260 _aPhnom Penh
_bRUA
_c1990
300 _a169p.
_bill.
_c29cm.
942 _2ddc
_cAGR
999 _c101
_d101